Statystyki dla Państwa Europy po II Wojnie Światowej

Kliknij tutaj aby rozwiązać quiz!

Ogólne statystyki

  • Ten quiz został rozwiązany 202 razy
  • Średni wynik to 30 z 32

Odpowiedzi na mapie

Odpowiedzi skodowane kolorowo w zielono-czerwonej skali na mapie do tego quizu, zgodnie z poniższymi procentami.
 

Statystyki odpowiedzi

Państwo% Poprawnych
Polska
98%
Francja
97%
Norwegia
97%
Hiszpania
96%
Irlandia
96%
Portugalia
96%
Szwecja
96%
Wielka Brytania
96%
Włochy
96%
Związek Radziecki
96%
Czechosłowacja
95%
Finlandia
95%
Dania
94%
Grecja
94%
Holandia
94%
Szwajcaria
94%
Austria
93%
Węgry
93%
Belgia
92%
Islandia
92%
Watykan
92%
Albania
91%
Jugosławia
90%
Luksemburg
90%
Rumunia
90%
Niemiecka Republika
Demokratyczna
89%
San Marino
89%
Andora
88%
Bułgaria
88%
Monako
88%
Liechtenstein
87%
Republika
Federalna Niemiec
86%

Rozkład punktacji

Percentyl według liczby udzielonych odpowiedzi

Procent ludzi z każdym wynikiem

Twoja historia wyników

Nie rozwiązałeś tego quizu